000 00914nas a2200289 4500
001 BR0806919
003 BR-BrBNA
005 20231205112507.0
007 ta
008 230509b bl.|||p| |||| 00| 00por d
040 _aBR-BrBNA
_bpor
_cBiblioteca Nacional de Agricultura
041 _a(Pt)
072 _aF02
100 1 _aCastro, A.H.F.
100 1 _aPaiva, R.
100 1 _aAlvarenga, A.A. de
100 1 _aCastro, E.M. de
100 1 _aVitor, S.M.M.
100 1 _aFernandes, A.M.
245 1 _aCultivo in vitro e aspectos da anatomia foliar de barbatimão (Stryphnodendron adstringens (Murt.)Coville Fabaceae - Papilionoideae)
650 _aBARBATIMÃO
650 _aMICROPROPAGAÇÃO
650 _aCERRADO
773 0 _tPlant Cell Culture Micropropagation (Brazil)
_xISSN 1808-9909
_g(2007), v. 3(2) p. 61-68
_wBR0806919
909 _a202311
_bLúcia
_c55
_dLúcia Elande
942 _2AGRIS
_n0
_cANA
999 _c198355
_d198355